000 01074cam a22002411i 4500
003 SA-RiAUC
005 20260217140347.0
008 260212s1904 ua g 000r0 ara c
040 _aSA-JeALM
_bara
_cSA-RiAUC
_erda
082 0 4 _a216
090 _aم ن 216
_bن ب هـ
100 1 _aالنبهاني، يوسف بن إسماعيل بن يوسف،
_d1265-1350 هجري
_eمؤلف.
245 1 0 _aهذا كتاب إرشاد الحيارى في تحذير المسلمين من مدارس النصارى /
_cتأليف يوسف بن إسماعيل النبهاني.
246 _aإرشاد الحيارى في تحذير المسلمين من مدارس النصارى
264 3 _aالقاهرة :
_bالمطبعة الحميدية المصرية .
_c1322 هـ
300 _a68 ورقة ؛
_c29 سم.
336 _aنص
_btxt
_2rdacontent
_3كتاب
337 _aبدون وسيط
_bn
_2rdamedia
650 7 _aالإسلام
_xدفع مطاعن
_2aucsh
650 7 _aالمسيحية
_2aucsh
942 _2ddc
_cRBOOK COPY
_n0
949 _aSA-JeALM
_d260212
_uosman123
_n1
999 _c14371
_d14371